La sala de las muñecas.

Enregistré dans:
Détails bibliographiques
Auteur principal: Rodoreda, Mercè (autora)
Format: Livre
Langue:espagnol
Publié: Jijona, España: H Kliczkowski, 2006.
Édition:Primera edición.
Collection:Mini Letras.
Sujets:
Tags: Ajouter un tag
Pas de tags, Soyez le premier à ajouter un tag!

MARC

LEADER 00000nam a22000007a 4500
003 CL-VaPUC
005 20241211151231.0
008 241125t2006 ||||| |||| 00| 0 spa d
999 |c 445926  |d 445924 
020 |a 84-96304-99-X 
040 |c Pontificia Universidad Católica de Valparaíso 
082 |2 22  |a 863.6 ROD 2006 
100 |9 421794  |a Rodoreda, Mercè  |e autora 
245 |a La sala de las muñecas. 
250 |a Primera edición. 
260 |a Jijona, España:  |b H Kliczkowski,  |c 2006. 
300 |a 64 páginas. 
490 |a Mini Letras. 
500 |a c.1 Donación. Memo EDU. 14-11-2024. 
583 |c 20241125  |k Yessy Sthefany Diaz Vidal 
650 0 |9 267960  |a Cuentos españoles  |x Incertidumbre, locura y muerte  |y Siglo 20 
942 |2 ddc  |c BK 
952 |0 0  |1 0  |2 ddc  |4 0  |6 863_600000000000000_ROD_2006  |7 0  |8 A  |9 598266  |a BIBEDU  |b BIBEDU  |d 2024-11-25  |e Donación  |i 5663426  |o 863.6 ROD 2006  |p 5663426  |r 2024-11-25  |t 1  |w 2024-11-25  |y BK  |k EDU